| 000 | 00565nam a2200193Ia 4500 | ||
|---|---|---|---|
| 005 | 20250923145142.0 | ||
| 008 | 008 250917s9999 xx 000 0 eng d | ||
| 037 | _aTextual | ||
| 040 |
_aDSWL _beng _cDSWL |
||
| 041 |
_aeng _2eng |
||
| 084 |
_aY73,4oaX:970, N57 _qDSWL |
||
| 100 |
_aKampelman, M.M. _9832284 |
||
| 245 | 0 |
_aCommunist party Vs The CIO _cby M.M. Kampelman |
|
| 260 |
_aNew York _b Frederick A Praeger _c1957 |
||
| 365 |
_aINR _b6 |
||
| 925 | _g6 | ||
| 942 |
_cTEXL _hY73,4oaX:970, N57 |
||
| 999 |
_c1447783 _d1447783 |
||